| 000 | 00825cam a2200253 a 4500 | ||
|---|---|---|---|
| 001 | 000013055 | ||
| 005 | 20251204073702.0 | ||
| 008 | 771115s1965 ag b 001 0 spa | ||
| 035 | _a(OCoLC)3420727 | ||
| 040 |
_aDO-SdBNP _cFMFIU _dDLC |
||
| 042 | _apremarc | ||
| 082 |
_a353.4 _bG283p |
||
| 100 | 1 |
_aGaviola, Carlos A. _930173 |
|
| 245 | 1 | 3 |
_aEl Poder de la Suprema Corte de los Estados Unidos / _cCarlos A. Gaviola ; prólogo José María Pi Suñer. |
| 250 | _a2a ed. | ||
| 260 |
_aBuenos Aires : _bArgentina, _c1965. |
||
| 300 |
_a233 p. ; _c23 cm. |
||
| 504 | _aBibliografía: p. [215] -216. | ||
| 610 | 1 | 0 |
_aESTADOS UNIDOS _xSUPREMA CORTE. _930174 |
| 650 | 0 |
_aAdministración de justicia _910083 |
|
| 700 | 1 |
_aPi Suñer, José María _epról. _930175 |
|
| 910 | _aCatalogación por copia / LC | ||
| 049 | _aBNGR | ||
| 999 |
_c12697 _d12697 |
||